| 000 | 00470nam a22001691c 4500 | ||
|---|---|---|---|
| 001 | a987690874 | ||
| 008 | 181120s1925 gw |||| 000u eng d | ||
| 245 | 0 | 0 |
_aSoviet Russia : _bAn investigation by British women trade unionists - April to July, 1925 |
| 264 |
_aAdelphi : _bCoates, _c[1925] |
||
| 300 | _aXII, 88 Seiten | ||
| 650 | 0 | _aGewerkschaft | |
| 651 | 0 | _aGroßbritannien | |
| 651 | 0 | _aSowjetunion | |
| 942 | _cMG | ||
| 040 | _cRU-10907106 | ||
| 003 | RU-10907106 | ||
| 999 |
_c47645 _d47645 |
||